000 00721nam a2200253Ia 4500
003 OSt
005 20220928114737.0
006 a|||||r|||| 00| 0
007 ta
008 220927b |||||||| |||| 00| 0 eng d
020 _c1655.0500999999999
024 _a68911
037 _b167, 16/11/2010, Pioneer Book Distributors
_cTextual
040 _aSDCL
_cSDCL
_beng
041 _2eng
_aeng
082 _aR3, Q0
100 _aZimmerman Aaron
_9440723
245 0 _aMoral epistemology.
260 _aLondon
_bRoutledge
_c2010
300 _ax,246p.
_ccm.
650 _aPhilosophy
942 _hR3, Q0
_cTEXL
_2CC
999 _c756259
_d756259